Statistics for Guess 100 football managers by image

Click here to take the quiz!

General Stats

  • This quiz has been taken 110 times
  • The average score is 52 of 100

Answer Stats

Answer% Correct
José Mourinho
99%
Jürgen Klopp
94%
Pep Guardiola
92%
Carlo Ancelotti
91%
Mikel Arteta
91%
Zinedine Zidane
91%
Alex Ferguson
90%
Andrea Pirlo
89%
Frank Lampard
89%
Xavi
89%
Arsène Wenger
88%
Antonio Conte
87%
Louis van Gaal
87%
Gareth Southgate
86%
Patrick Vieira
86%
Ronald Koeman
86%
Thomas Tuchel
86%
Diego Simeone
84%
Mauricio Pochettino
83%
Steven Gerrard
82%
Didier Deschamps
81%
Luis Enrique
81%
Rafael Benitez
81%
Unai Emery
81%
Graham Potter
80%
Claudio Ranieri
79%
Joachim Low
79%
Brendan Rodgers
76%
David Moyes
76%
Eric Ten Hag
76%
Roberto Mancini
74%
Maurizio Sarri
72%
Gennaro Gattuso
71%
Johan Cruyff
71%
Marcelo Bielsa
71%
Julian Nagelsmann
70%
Roberto Martínez
68%
Roy Hodgson
67%
Fabio Capello
66%
Roberto De Zerbi
66%
Vicente del Bosque
66%
Eddie Howe
63%
Frank Rijkaard
63%
Manuel Pellegrini
62%
Massimiliano Allegri
61%
Simone Inzaghi
61%
Jürgen Klinsmann
59%
Laurent Blanc
58%
André Villas-Boas
56%
Frank de Boer
56%
Luiz Felipe Scolari
56%
Lionel Scaloni
53%
Luciano Spalletti
52%
Fernando Santos
51%
Hans-Dieter Flick
51%
Julen Lopetegui
48%
Ralf Rangnick
48%
Guus Hiddink
46%
Jupp Heynckes
42%
Niko Kovac
41%
Stefano Pioli
40%
Marcello Lippi
39%
Jorge Sampaoli
38%
Franz Beckenbauer
37%
Gian Piero Gasperini
37%
Sven-Goran Eriksson
37%
Marco Rose
33%
Ernesto Valverde
32%
Giovanni Trapattoni
32%
Christophe Galtier
30%
Brian Clough
29%
Luis Aragonés
29%
Raymond Domenech
26%
Ottmar Hitzfeld
24%
Sergio Conceição
24%
Tite
23%
Mário Zagallo
22%
Matt Busby
22%
Cesare Prandelli
21%
Paulo Fonseca
20%
Domenico Tedesco
19%
Siniša Mihajlović
19%
Arrigo Sacchi
17%
Mircea Lucescu
17%
Bob Paisley
16%
Fatih Terim
14%
Helenio Herrera
14%
Jock Stein
14%
Roberto Donadoni
14%
Walter Mazzarri
13%
César Luis Menotti
11%
Rinus Michels
10%
Carlos Bilardo
9%
Nereo Rocco
9%
Ernst Happel
8%
Niels Liedholm
8%
Valeriy Lobanovskyi
6%
Vittorio Pozzo
4%
Bela Guttmann
3%
Miguel Muñoz
3%

Score Distribution

Percentile by Number Answered

Percent of People with Each Score

Your Score History

You have not taken this quiz